000 00767nam a22001937a 4500
999 _c371904
_d371904
008 201127b ||||| |||| 00| 0 eng d
040 _aDE-2950
_bger
_cDE-2950
_erda
041 _ager
245 _aSchwimmer demonstrieren für ihr Hallenbad
_bProtest. Immer wieder ist die Schwimmhalle zu, weil Reparaturen anstehen. Eine grundlegende Sanierung wird gefordert. Doch was kann die Stadt leisten?/
_cLisa Mahlke
264 _c2022
653 _aFrankfurt (Oder)
653 _aSchwimmhalle
655 _yProteste
773 _dFrankfurt (Oder) Märkisches Verlags- und Druckhaus GmbH & Co KG
_tMärkische Oderzeitung
_g33. Jahrgang (2022) Nr. 236 vom 10.10.2022, S. 11; Foto
942 _cA